| 000 | 00712cam a22002295a 4500 | ||
|---|---|---|---|
| 001 | L154777 | ||
| 008 | 120117s2012 xxko f 000 0 eng d | ||
| 020 | _a9781848062399 | ||
| 035 | _a(Sirsi) u154777 | ||
| 041 | 0 | _aeng | |
| 100 | 1 | _aPerry, Mike | |
| 245 | 0 | 0 | _aSmart meters and smart energy networks for dwellings |
| 260 |
_aWatford _bBRE _c2012 |
||
| 300 |
_a6p. _bill. _c30cm. |
||
| 490 | 0 |
_aBRE Information Paper _v(2/12) |
|
| 520 | _aDiscusses automatic meter reading, monitoring and management and initiatives trying to implement theses technologies and the issues they are facing. | ||
| 521 | _aAdvanced | ||
| 590 | _aKA | ||
| 651 | 4 |
_aUnited Kingdom _y |
|
| 690 |
_aEnergy _96237 |
||
| 942 | _n0 | ||
| 999 |
_c113144 _d113144 |
||